Nuevo sistema de derecho internacional (Record no. 129982)
[ view plain ]
| 000 -LEADER | |
|---|---|
| campo de control de longitud fija | 00705nam a2200169 i 4500 |
| 001 - NÚMERO DE CONTROL | |
| campo de control | 129982 |
| 003 - IDENTIFICADOR DE NÚMERO DE CONTROL | |
| campo de control | ES-MaACL |
| 005 - FECHA Y HORA DE LA ÚLTIMA TRANSACCIÓN | |
| campo de control | 20230906193622.0 |
| 007 - CAMPO FIJO DE DESCRIPCIÓN FÍSICA--INFORMACIÓN GENERAL | |
| campo de control de longitud fija | t| |
| 008 - DATOS DE LONGITUD FIJA--INFORMACIÓN GENERAL | |
| campo de control de longitud fija | 070713s1921 ag ||||1| spa d |
| 245 00 - MENCIÓN DEL TÍTULO | |
| Título | Nuevo sistema de derecho internacional |
| Resto del título | : conferencia leída el 20 de Septiembre de 1921 al ocupar la Cátedra vacante por fallecimiento del Doctor E. del Valle Iberluca. |
| 260 ## - PUBLICACIÓN, DISTRIBUCIÓN, ETC. | |
| Lugar de publicación, distribución, etc. | La Plata : |
| Nombre del editor, distribuidor, etc. | M. García, |
| Fecha de publicación, distribución, etc. | 1921. |
| 300 ## - DESCRIPCIÓN FÍSICA | |
| Extensión | 39 p. ; |
| Dimensiones | 24 cm. |
| 500 ## - NOTA GENERAL | |
| Nota general | Precede al tít.: Universidad Nacional de la Plata. Facultad de Ciencias Jurídicas y Sociales. |
| 710 2# - ENTRADA AGREGADA--NOMBRE DE ENTIDAD CORPORATIVA | |
| Nombre de entidad corporativa o nombre de jurisdicción como elemento de entrada | Universidad de la Plata. |
| Unidad subordinada | Facultad de Ciencias Jurídicas y Sociales. |
| 9 (RLIN) | 7197 |
| 852 ## - LOCALIZACIÓN | |
| Ubicación | ES-MaACL |
| Número de control de estantería | 1708-F-13 |
| Estatus retirado | Estado de pérdida | Estado de daño | No para préstamo | Colección | Biblioteca de origen | Biblioteca actual | Ubicación en estantería | Fecha de adquisición | Fuente de adquisición | Total de préstamos | Signatura topográfica completa | Código de barras | Visto por última vez | Precio de reemplazo | Tipo de ítem Koha |
|---|---|---|---|---|---|---|---|---|---|---|---|---|---|---|---|
| Colección de folletos | Biblioteca del Ateneo de Madrid | Biblioteca del Ateneo de Madrid | Depósito folletos | 17/01/2008 | 1708-F-13 | 1135344 | 23/02/2023 | 23/02/2023 | Folleto |
